Which Country is the Biggest? - Statistics

General Stats
  • This quiz has been taken 67 times
  • The average score is 8 of 10
Answer Stats
Question Answer % Correct
What country is the biggest? Russia
100%
Which country is the biggest? United States of America
100%
What country is the biggest? China
93%
What country is the biggest? Algeria
87%
What country is the biggest? Cameroon
87%
What country is the biggest? Central African Republic
80%
What country is the biggest? Malaysia
80%
What country is the biggest? Chad
73%
What country is the biggest? Eritrea
73%
What country is the biggest? Burkina Faso
47%
No matching quizzes found
Score Distribution
Percent of People with Each Score
Percentile by Number Answered
Your Score History
You have not taken this quiz